[Event "Daehne Cup Region 15/16 V"]
[Site "Bissendorf"]
[Date "2016.04.01"]
[Round "2"]
[White "Buss, Heiko"]
[Black "Kothrade, Andreas"]
[Result "1-0"]
[WhiteElo "1717"]
[BlackElo "1514"]
[PlyCount "69"]
[EventDate "2016.03.18"]
[EventType "k.o."]
[EventRounds "5"]
[EventCountry "GER"]
[SourceTitle "EXT 2022"]
[Source "ChessBase"]
[SourceDate "2021.10.06"]
[SourceVersion "1"]
[SourceVersionDate "2021.10.06"]
[SourceQuality "1"]

1. e4 e6 2. d4 c6 3. Nf3 d5 4. e5 Be7 5. Nbd2 Nd7 6. Bd3 f6 7. 0-0 Qc7 8. Re1 f5 9. c4 g5 10. Nxg5 Nf8 11. Qh5+ Ng6 12. Ndf3 Bxg5 13. Bxg5 Qf7 14. cxd5 cxd5 15. Rac1 h6 16. Bb5+ Bd7 17. Bxd7+ Kxd7 18. Bd2 Rc8 19. Qh3 Qg7 20. Nh4 N8e7 21. Nxg6 Qxg6 22. Qb3 b6 23. Qb4 Rxc1 24. Qd6+ Ke8 25. Rxc1 Rg8 26. g3 Kf7 27. Rc7 Re8 28. Bb4 Qg4 29. Rxe7+ Rxe7 30. Qxe7+ Kg8 31. Qxe6+ Kh7 32. Qxd5 Qd1+ 33. Kg2 f4 34. Qf7+ Kh8 35. Qxf4 1-0

[Event "Daehne Cup Region 15/16 V"]
[Site "Bissendorf"]
[Date "2016.03.18"]
[Round "1"]
[White "Proehl, Juergen"]
[Black "Buss, Heiko"]
[Result "0-1"]
[WhiteElo "1438"]
[BlackElo "1717"]
[PlyCount "122"]
[EventDate "2016.03.18"]
[EventType "k.o."]
[EventRounds "5"]
[EventCountry "GER"]
[SourceTitle "EXT 2022"]
[Source "ChessBase"]
[SourceDate "2021.10.06"]
[SourceVersion "1"]
[SourceVersionDate "2021.10.06"]
[SourceQuality "1"]

1. e4 g6 2. d4 d6 3. c3 Bg7 4. Nf3 Nc6 5. Be3 Nf6 6. Bd3 e5 7. 0-0 0-0 8. Bg5 h6 9. Bh4 g5 10. Bg3 Bg4 11. h3 Bxf3 12. Qxf3 exd4 13. Re1 Ne5 14. Bxe5 dxe5 15. c4 Nd7 16. b4 a5 17. b5 Nc5 18. a4 Qd7 19. g4 b6 20. Nd2 Rad8 21. Nf1 f6 22. Ng3 Qf7 23. Nf5 Rd7 24. Rac1 Ne6 25. Kg2 Rfd8 26. Qd1 Bf8 27. Rc2 Kh7 28. Rh1 Ng7 29. Nxg7 Kxg7 30. h4 Be7 31. Qf3 gxh4 32. Qf5 Qg6 33. Rxh4 Qxf5 34. gxf5 Rg8 35. Rg4+ Kh7 36. Rxg8 Kxg8 37. Rc1 Bf8 38. Kh2 c6 39. Rg1+ Bg7 40. bxc6 Rc7 41. Rb1 Rxc6 42. Rb5 Bf8 43. Kg3 Bc5 44. Kg4 Rc7 45. Rb1 Rg7+ 46. Kf3 Kh7 47. Rh1 Rg5 48. Ke2 Bd6 49. Rb1 Bb4 50. Rh1 Rg2 51. Kf3 Rg5 52. Ke2 h5 53. Kf1 Kh6 54. Rg1 Ba3 55. Rg2 Bc5 56. Be2 h4 57. Rg4 Rxg4 58. Bxg4 Kg5 59. f3 d3 60. Ke1 Be3 61. Kd1 Kf4 0-1

[Event "Daehne Cup Region 14/15 V"]
[Site "Bissendorf"]
[Date "2015.05.08"]
[Round "3"]
[White "Proehl, Juergen"]
[Black "Buss, Heiko"]
[Result "1/2-1/2"]
[WhiteElo "1464"]
[BlackElo "1782"]
[PlyCount "96"]
[EventDate "2015.04.17"]
[EventType "k.o."]
[EventRounds "5"]
[EventCountry "GER"]
[SourceTitle "EXT 2022"]
[Source "ChessBase"]
[SourceDate "2021.10.06"]
[SourceVersion "1"]
[SourceVersionDate "2021.10.06"]
[SourceQuality "1"]

1. e4 g6 2. d4 d6 3. Bd3 Bg7 4. c3 Nc6 5. Nf3 Nf6 6. 0-0 0-0 7. Nbd2 e5 8. dxe5 Nxe5 9. Nxe5 dxe5 10. Nc4 Qe7 11. Qe2 Nd7 12. Be3 Nc5 13. Bc2 Be6 14. b4 Nd7 15. Na5 c5 16. b5 Qd8 17. Nb3 b6 18. Nd2 Qe7 19. Bb3 Bxb3 20. axb3 f5 21. exf5 gxf5 22. f3 Kh8 23. Rac1 Rg8 24. g4 Bf6 25. Kh1 f4 26. Bf2 Rae8 27. Ne4 Rd8 28. Rcd1 Nb8 29. Rxd8 Rxd8 30. Rd1 Rxd1+ 31. Qxd1 Qd8 32. Qd6 Qxd6 33. Nxd6 Kg8 34. Nc8 e4 35. fxe4 Bxc3 36. Nxa7 Nd7 37. Nc6 Nf6 38. e5 Nxg4 39. Kg2 Nxe5 40. Nxe5 Bxe5 41. Kf3 Kf7 42. Ke4 Ke6 43. Bh4 Bc7 44. Bg5 f3 45. Kxf3 Bxh2 46. Bd8 Kd5 47. Bxb6 c4 48. bxc4+ Kxc4 1/2-1/2

[Event "Daehne Cup Region 14/15 V"]
[Site "Bissendorf"]
[Date "2015.04.24"]
[Round "2"]
[White "Buss, Heiko"]
[Black "Baeuerlein, Michael"]
[Result "1-0"]
[WhiteElo "1782"]
[BlackElo "1109"]
[PlyCount "68"]
[EventDate "2015.04.17"]
[EventType "k.o."]
[EventRounds "5"]
[EventCountry "GER"]
[SourceTitle "EXT 2022"]
[Source "ChessBase"]
[SourceDate "2021.10.06"]
[SourceVersion "1"]
[SourceVersionDate "2021.10.06"]
[SourceQuality "1"]

1. e4 c5 2. Bc4 Nf6 3. e5 d5 4. Bb5+ Bd7 5. Bxd7+ Nfxd7 6. Nf3 e6 7. c3 Nc6 8. d4 h6 9. 0-0 Be7 10. b3 b5 11. Re1 0-0 12. Bb2 Rb8 13. Na3 c4 14. b4 a5 15. bxa5 Qxa5 16. Nc2 b4 17. cxb4 Nxb4 18. Bc3 Qa4 19. Nxb4 Qxd1 20. Rexd1 Bxb4 21. Rdc1 f6 22. Kf1 fxe5 23. dxe5 Rf5 24. Nd4 Bxc3 25. Rxc3 Rh5 26. Nxe6 Rxe5 27. Nd4 Re4 28. Rd1 Nf6 29. f3 Ree8 30. a4 Ra8 31. Ra3 Rec8 32. Nb5 Rc5 33. Nc3 Rd8 34. Rd4 Kf7 1-0

[Event "Niedersachsen-ch op"]
[Site "Verden"]
[Date "2007.01.05"]
[Round "5"]
[White "Kaphle, Sebastian"]
[Black "Buss, Heiko"]
[Result "1-0"]
[WhiteElo "2028"]
[BlackElo "1748"]
[PlyCount "75"]
[EventDate "2007.01.04"]
[EventType "swiss"]
[EventRounds "7"]
[EventCountry "GER"]
[SourceTitle "EXT 2021"]
[Source "ChessBase"]
[SourceDate "2020.10.23"]
[SourceVersion "1"]
[SourceVersionDate "2020.10.23"]
[SourceQuality "1"]

1. e4 d6 2. d4 g6 3. Nc3 Bg7 4. Be3 Nd7 5. Qd2 c6 6. Nge2 a6 7. f3 b5 8. h4 Nb6 9. Ng3 h5 10. Bd3 Nc4 11. Bxc4 bxc4 12. Qe2 d5 13. exd5 cxd5 14. Qd2 Rb8 15. Rb1 Rb6 16. Na4 Rc6 17. Kf2 Nh6 18. c3 Rf6 19. Bg5 Rc6 20. Nc5 f6 21. Be3 Kf7 22. Rbd1 e6 23. b4 Ng8 24. Rhe1 Bf8 25. Rb1 Rh7 26. Bf4 Bh6 27. Bxh6 Nxh6 28. a4 g5 29. hxg5 fxg5 30. Nxh5 Nf5 31. Rh1 Kg6 32. Ng3 Qh8 33. Rxh7 Qxh7 34. Rh1 Qe7 35. Qe2 Qd6 36. Nxf5 exf5 37. Qe8+ Kg7 38. Qh8+ 1-0

[Event "Niedersachsen-ch"]
[Site "Verden"]
[Date "2006.01.05"]
[Round "1"]
[White "Popp, Michael"]
[Black "Buss, Heiko"]
[Result "1/2-1/2"]
[WhiteElo "2073"]
[BlackElo "1735"]
[PlyCount "45"]
[EventDate "2006.01.??"]
[EventType "swiss"]
[EventRounds "7"]
[EventCountry "GER"]
[SourceTitle "CBM 110 Extra"]
[Source "ChessBase"]
[SourceDate "2006.03.10"]
[SourceVersion "2"]
[SourceVersionDate "2006.03.10"]
[SourceQuality "1"]

1. e4 d6 2. d4 g6 3. c4 Bg7 4. Nc3 Nf6 5. Bd3 Nc6 6. d5 Nb8 7. f4 0-0 8. Nf3 Nbd7 9. Be3 c5 10. 0-0 Ng4 11. Bd2 Ngf6 12. h3 e6 13. Nb5 Ne8 14. Bc3 exd5 15. Bxg7 Kxg7 16. cxd5 Ndf6 17. g4 Qb6 18. Kh1 a6 19. Nc3 Qxb2 20. Na4 Qa3 21. Nb6 Rb8 22. Nc4 Qc3 23. Rc1 1/2-1/2